| 000 | 00359nam a2200145Ia 4500 | ||
|---|---|---|---|
| 003 | OSt | ||
| 008 | 191201s2002 xx 000 0 und d | ||
| 082 |
_a621.313 _bSAC |
||
| 100 | _aSAWHNEY,A.K. | ||
| 245 | 0 | _aCourse in Electrical Machine Design | |
| 260 |
_aNew Delhi _bDhanpat Rai Pub (P) Ltd _c2002 |
||
| 300 | _a919 | ||
| 650 | _aB.Tech(ECE) | ||
| 942 |
_2ddc _cBK |
||
| 999 |
_c417 _d417 |
||